Стекло и керамика: научно-технический и производственный журнал

Dades bibliogràfiques
Títol anterior:Керамика и стекло
Стекольная промышленность
Стекольная и керамическая промышленность
Sumari:Печатная подписка НТБ на журнал: 1925-2021 (1 полугодие)
Переименования: С 1925 по 1938 - "Керамика и стекло" С 1939 по 1940 - "Стекольная промышленность" С 1946 по 1947 - "Стекольная и керамическая промышленность"
Idioma:rus
Publicat: Москва, Спектр, 1925-
Accés en línia:Официальный сайт журнала
Журнал на платформе eLIBRARY
Англоязычная версия журнала
Format: MixedMaterials Electrònic Publicació Periòdica
KOHA link:https://koha.lib.tpu.ru/cgi-bin/koha/opac-detail.pl?biblionumber=380571

MARC

LEADER 00000nas1a2200000 4500
001 380571
005 20250604151754.0
011 |a 0131-9582 
035 |a (RuTPU)RU\TPU\prd\1726 
035 |a RU\TPU\prd\364 
090 |a 380571 
100 |a 20020220a19259999k||y0rusy50 ca 
101 0 |a rus 
102 |a RU 
110 |a afaz 0yy0 
200 1 |a Стекло и керамика  |d Glass and Ceramics  |e научно-технический и производственный журнал 
210 |a Москва  |c Спектр  |d 1925- 
300 |a Печатная подписка НТБ на журнал: 1925-2021 (1 полугодие) 
300 |a Переименования: С 1925 по 1938 - "Керамика и стекло" С 1939 по 1940 - "Стекольная промышленность" С 1946 по 1947 - "Стекольная и керамическая промышленность"  
305 |a Издается с 1925 г. 
326 |a Периодичность – 12 номер в год 
430 1 |0 (RuTPU)RU\TPU\prd\364  |x 0131-9582  |t Керамика и стекло  |f Главное управление стекольной промышленности НКЛП СССР  |c М.  |n ВИИТО  |d 1925-1938 
430 1 |0 (RuTPU)RU\TPU\prd\1474  |x 0131-9582  |t Стекольная промышленность  |f Главное управление стекольной промышленности НКЛП СССР  |c М.  |n Гизлегпром  |d 1939-1940 
430 1 |0 (RuTPU)RU\TPU\prd\1477  |x 0131-9582  |t Стекольная и керамическая промышленность  |f Наркомпром строительных материалов СССР  |c М.  |n Гизлегпром  |d 1946-1947 
675 |a 666  |v 3 
801 0 |a RU  |b 63413507  |c 20011210  |g PSBO 
801 2 |a RU  |b 63413507  |c 20191008  |g PSBO 
850 |a 63413507 
856 4 |u http://www.glass-ceramics.ru/  |z Официальный сайт журнала 
856 4 |u http://elibrary.ru/title_about.asp?id=9135  |z Журнал на платформе eLIBRARY 
856 4 |u https://link.springer.com/journal/10717  |z Англоязычная версия журнала 
942 |c CR